Statistiques concernant Personnages Baki

Cliquez ici pour prendre le quiz!

Statistiques générales

  • Ce quiz a été pris 84 fois
  • Le résultat moyen est 11 sur 20

Statistiques - réponses

Réponse% Correct
Baki
100%
Yujiro
94%
Pickle
92%
Oliva
88%
Jack
85%
Retsu
75%
Doppo
72%
Hanayama
69%
Dorian
57%
Spec
53%
Yuichiro
53%
Kozue
49%
Doyle
47%
Yanagi
42%
Sikorsky
38%
Musashi
31%
Strydum
26%
Jun
25%
Iron Michael
13%
Muhammad Alai Jr
10%

Distribution des résultats

Percentile par nombre de réponses

% des personnes avec chaque résultat

Votre développement - résultats

Vous n’avez pas pris ce quiz